CASTLE OF GLASS - Linkin Park - All Lyrics - Statistics

General Stats
  • This quiz has been taken 188 times
  • The average score is 143 of 170
Answer Stats
Answer % Correct
of
99%
a
98%
on
97%
the
97%
be
96%
castle
96%
to
96%
glass
95%
I
95%
only
95%
'Cause
94%
in
94%
I'm
92%
me
92%
this
92%
crack
91%
down
90%
you
90%
for
89%
see,
89%
see
89%
Take
89%
again
87%
my
87%
skin
87%
anything
86%
river
86%
Show
85%
show
85%
how
84%
off
82%
end
81%
from
80%
Wash
80%
And
76%
poison
75%
whole
74%
bend
73%
fighting
70%
silver
68%
up
68%
Hardly
67%
there
66%
dream
62%
need
62%
below
61%
else
61%
sorrow
60%
where
59%
glow
56%
have
56%
that
55%
Fly
54%
sirens
53%
seen
52%
drop
51%
sing
49%
Through
49%
Bring
48%
wing
47%
Past
46%
Warm
45%
home
43%
nova's
43%
secrets
43%
black
40%
blinding
34%
No matching quizzes found
Score Distribution
Percent of People with Each Score
Percentile by Number Answered
Your Score History
You have not taken this quiz